Yet More Classical Composers - Statistics

General Stats
  • This quiz has been taken 1,045 times
  • The average score is 10 of 20
Answer Stats
work composer % Correct
Blue Danube Waltz Johann Strauss
89%
Carmen Georges Bizet
83%
Gymnopédies Erik Satie
79%
Symphony No 8 (Unfinished) Franz Schubert
73%
Aïda Giuseppe Verdi
70%
Pictures at an Exhibition Modest Mussorgsky
70%
Symphony No 5: A Soviet artist's creative response to just criticism Dmitri Shostakovich
66%
Symphonie fantastique Hector Berlioz
65%
Enigma Variations Edward Elgar
64%
Variations on a Theme by Haydn Johannes Brahms
55%
Hebrides Overture Felix Mendelssohn
50%
Pavane; Requiem Gabriel Fauré
45%
15 Hungarian Peasant Songs Béla Bartók
41%
The Tales of Hoffmann Jacques Offenbach
41%
Faust Charles Gounod
29%
Spiegel im Spiegel; Fratres Arvo Pärt
28%
Lucia di Lammermoor Gaetano Donizetti
26%
Oklahoma! Richard Rodgers
26%
Short Ride in a Fast Machine John Adams
24%
The Three-Cornered Hat Manuel de Falla
24%
No matching quizzes found
Score Distribution
Percent of People with Each Score
Percentile by Number Answered
Your Score History
You have not taken this quiz